Historia general : libro segundo historia moderna y contemporánea
| Main Author: | |
|---|---|
| Format: | Section = Libro |
| Language: | Undetermined Spanish |
| Published: |
La Habana
Cultural
[1944]
|
| Edition: | 5a.ed. |
| Subjects: |
| LEADER | 00574nam a2200193Ia 4500 | ||
|---|---|---|---|
| 008 | 240829s9999 xx 000 0 und d | ||
| 040 | |a BIBLIOTECA-RUSB/ 909.08 P438 | ||
| 041 | |a spa | ||
| 082 | |a 909.08 P438 | ||
| 100 | 1 | |a Pérez Duran, Marino | |
| 245 | 1 | 0 | |a Historia general : libro segundo historia moderna y contemporánea |
| 250 | |a 5a.ed. | ||
| 260 | |a La Habana |b Cultural |c [1944] | ||
| 300 | |a 594 p. :il. | ||
| 650 | 7 | |a HISTORIA MODERNA-ESTUDIO Y ENSEÑANZA | |
| 650 | 7 | |b HISTORIA CONTEMPORANEA-ESTUDIO Y ENSEÑANZA | |
| 942 | |c BK |2 ddc | ||
| 991 | |a TEXTO | ||
| 999 | |c 5531 | ||